| 000 | 00393nam a22001337a 4500 | ||
|---|---|---|---|
| 020 | _a9787508650104 | ||
| 082 |
_a620.82 _bNOR |
||
| 100 | _aNorman, Donald Arthur | ||
| 245 |
_aLiving with Complexity (Chines edition) / _cDonald Arthur Norman |
||
| 260 |
_aChina : _bCITIC Press, _c2015. |
||
| 300 |
_a237 p. ; _c23 cm. |
||
| 880 |
_6245-02\r _a生活在复杂之中 / |
||
| 942 |
_2ddc _cBK |
||
| 999 |
_c591850 _d591850 |
||